00430cam a22001097a 4500008004000000082003000040100002500070245009800095260005200193300001100245440006400256180718b1973 xxu||||| |||| 00| 0 eng d aA81x54 In2/71/9/Pt10A&B/Q aCensus of India 1971 aKerala district census handbook, Quilon: town and village directory (primary census abstract) aTrivandrumbDirector of Census Operationsc1973 a218+p. aCensus of India 1971. Series-9, Kerala. Part X-A & Part X-B